00591 2200193 4500001002100000005001500021035002000036007000300056008003900059082001600098084002200114100001700136245012000153260003700273300004000310650001100350600002300361022001300384INLIS00000000000133520250523090107 a0010-0525000017ta250523 | | |  a636.3 -5982 a636.3 -5982 HAN f0 aHandayani, M1 aFactors Affecting The Income of PE Kaligesing Goat Farming in Kaligesing District Purworejo Regency /cHandayani, M aBristol :bIOP Publishing,c2024 a1-5 hlm, :bIlus ;c21 cm x 29,7 cm 4aJurnal 4aPeternakan Kambing a17551315